Countries Closest to Syria - Statistics

General Stats
  • This quiz has been taken 2,038 times
  • The average score is 17 of 20
Answer Stats
km country miles % Correct
0 Iraq 0
98%
0 Turkey 0
98%
181 Iran 113
97%
0 Israel 0
97%
0 Jordan 0
96%
91 Saudi Arabia 57
96%
0 Lebanon 0
95%
215 Egypt 134
92%
103 Cyprus 64
89%
335 Armenia 208
88%
437 Georgia 272
87%
331 Azerbaijan 205
85%
555 Greece 345
85%
761 Kuwait 473
85%
582 Russia 361
80%
1007 Libya 626
72%
44 Palestine 27
68%
1148 Sudan 714
62%
956 Turkmenistan 594
59%
1003 Kazakhstan 623
35%
No matching quizzes found
Score Distribution
Percent of People with Each Score
Percentile by Number Answered
Your Score History
You have not taken this quiz